| 000 | 01674cam a22003734a 4500 | ||
|---|---|---|---|
| 001 | 11789657 | ||
| 003 | OSt | ||
| 005 | 20240625121910.0 | ||
| 008 | 990915s2000 nyu b 001 0 eng | ||
| 010 | _a 99048280 | ||
| 020 | _a0312227728 (St. Martin's) | ||
| 040 |
_aDLC _cmust _dDLC |
||
| 042 | _apcc | ||
| 050 | 0 | 0 | _b |
| 082 | 0 | 0 |
_a337.1 NAT 2000 _221 |
| 245 | 0 | 0 |
_aNational perspectives on the new regionalism in the south / _cedited by Björn Hettne, András Inotai, and Osvaldo Sunkel ; foreword by Giovanni Andrea Cornia. |
| 260 |
_aNew York : _bSt. Martin's Press, _c2000. |
||
| 300 |
_axl, 318 p. ; _c23 cm. |
||
| 440 | 0 |
_aInternational political economy series. _pNew regionalism ; _vv. 3 _917806 |
|
| 500 | _a"In association with UNU/Wider." | ||
| 504 | _aIncludes bibliographical references and index. | ||
| 650 | 0 |
_aRegionalism. _91045 |
|
| 650 | 0 |
_aInternational economic relations. _91023 |
|
| 700 | 1 |
_aHettne, Björn, _d1939- _96892 |
|
| 700 | 1 |
_aInotai, András. _96893 |
|
| 700 | 1 |
_aSunkel, Osvaldo. _91039 |
|
| 856 | 4 | 2 |
_3Contributor biographical information _uhttp://www.loc.gov/catdir/bios/hol057/99048280.html |
| 856 | 4 | 2 |
_3Publisher description _uhttp://www.loc.gov/catdir/description/hol057/99048280.html |
| 856 | 4 | 1 |
_3Table of contents _uhttp://www.loc.gov/catdir/toc/hol053/99048280.html |
| 906 |
_a7 _bcbc _corignew _d1 _eocip _f19 _gy-gencatlg |
||
| 942 |
_2ddc _cO_SHELF |
||
| 999 |
_c8812 _d8812 |
||